Tonight - David Bowie - Statistics

General Stats
  • This quiz has been taken 3 times
  • The average score is 6 of 9
Answer Stats
Answer % Correct
Tonight
100%
Blue Jean
67%
Dancing with the Big Boys
67%
Don't Look Down
67%
I Keep Forgettin'
67%
Loving the Alien
67%
Neighborhood Threat
67%
Tumble and Twirl
67%
God Only Knows
33%
No matching quizzes found
Score Distribution
Percent of People with Each Score
Percentile by Number Answered
Your Score History
You have not taken this quiz